[Event "IBCA Wch blind 13th"]
[Site "Katerini"]
[Date "2014.05.14"]
[Round "9"]
[White "Drasch, Robert"]
[Black "Holmela, Kari"]
[Result "1/2-1/2"]
[WhiteElo "1973"]
[BlackElo "1869"]
[PlyCount "63"]
[EventDate "2014.05.05"]
[EventType "swiss"]
[EventRounds "9"]
[EventCountry "GRE"]
[SourceTitle "CBM 160 Extra"]
[Source "ChessBase"]
[SourceDate "2014.07.01"]
[SourceVersion "1"]
[SourceVersionDate "2014.07.01"]
[SourceQuality "1"]

1. c4 e5 2. Nc3 Bb4 3. g3 Nc6 4. Nd5 Be7 5. Bg2 Nf6 6. a3 0-0 7. d3 d6 8. Nxe7+ Qxe7 9. e3 Bg4 10. Ne2 Qd7 11. h3 Be6 12. g4 d5 13. c5 d4 14. e4 Na5 15. b4 Nb3 16. Rb1 Nxc1 17. Rxc1 a5 18. 0-0 axb4 19. axb4 Ra3 20. f4 Bb3 21. Qe1 exf4 22. Nxf4 Rfa8 23. g5 Ne8 24. Qg3 c6 25. h4 g6 26. Bh3 Qe7 27. Ne2 Rd8 28. Ra1 Rxa1 29. Rxa1 Nc7 30. Qf4 Nb5 31. Qf6 Qxf6 32. gxf6 1/2-1/2

[Event "Bad Woerishofen op 30th"]
[Site "Bad Woerishofen"]
[Date "2014.03.21"]
[Round "1"]
[White "Dittmar, Peter"]
[Black "Drasch, Robert"]
[Result "1-0"]
[WhiteElo "2303"]
[BlackElo "1980"]
[PlyCount "45"]
[EventDate "2014.03.21"]
[EventType "swiss"]
[EventRounds "9"]
[EventCountry "GER"]
[SourceTitle "CBM 159 Extra"]
[Source "ChessBase"]
[SourceDate "2014.04.24"]
[SourceVersion "1"]
[SourceVersionDate "2014.04.24"]
[SourceQuality "1"]

1. e4 e6 2. d4 d5 3. Nd2 Nc6 4. Ngf3 Nf6 5. e5 Nd7 6. Nb3 f6 7. Bb5 a6 8. Bxc6 bxc6 9. 0-0 f5 10. Na5 Nb8 11. c4 c5 12. Bg5 Qd7 13. cxd5 Qxd5 14. dxc5 Bxc5 15. Rc1 Bb6 16. Nc4 0-0 17. Qxd5 exd5 18. Nxb6 cxb6 19. Rfd1 Bb7 20. Rc7 Rf7 21. Rdc1 Rxc7 22. Rxc7 Bc6 23. Nd4 1-0

[Event "Passau op 6th"]
[Site "Passau"]
[Date "1998.04.12"]
[Round "5"]
[White "Wahlig, Gerhard"]
[Black "Drasch, Robert"]
[Result "1/2-1/2"]
[WhiteElo "1849"]
[BlackElo "1850"]
[PlyCount "60"]
[EventDate "1998.04.10"]
[EventType "swiss"]
[EventRounds "7"]
[EventCountry "GER"]
[SourceTitle "EXT 1999"]
[Source "ChessBase"]
[SourceDate "1998.11.16"]
[SourceVersion "1"]
[SourceVersionDate "1998.11.16"]
[SourceQuality "1"]

1. e4 d5 2. exd5 Qxd5 3. Nc3 Qa5 4. d3 c6 5. Nf3 e5 6. Qe2 f6 7. d4 Bg4 8. dxe5 Bxf3 9. Qxf3 Qxe5+ 10. Qe4 Bd6 11. Be3 f5 12. Qxe5+ Bxe5 13. 0-0-0 Nd7 14. Bc4 Ngf6 15. Rhe1 0-0-0 16. Be6 g6 17. Bxa7 Bf4+ 18. Kb1 Kc7 19. Bd4 Rhe8 20. Bb3 Ng4 21. h3 Ngf6 22. a3 Be5 23. Bxe5+ Rxe5 24. Rxe5 Nxe5 25. Re1 Re8 26. Rd1 g5 27. Ne2 Neg4 28. Nd4 Nxf2 29. Rf1 N2e4 30. Ka2 g4 1/2-1/2

[Event "Passau op 6th"]
[Site "Passau"]
[Date "1998.04.11"]
[Round "3"]
[White "Stein, Michael"]
[Black "Drasch, Robert"]
[Result "1/2-1/2"]
[WhiteElo "1574"]
[BlackElo "1850"]
[PlyCount "63"]
[EventDate "1998.04.10"]
[EventType "swiss"]
[EventRounds "7"]
[EventCountry "GER"]
[SourceTitle "EXT 1999"]
[Source "ChessBase"]
[SourceDate "1998.11.16"]
[SourceVersion "1"]
[SourceVersionDate "1998.11.16"]
[SourceQuality "1"]

1. e4 d5 2. exd5 Qxd5 3. Nc3 Qa5 4. d4 Nf6 5. Nf3 Bg4 6. h3 Bh5 7. g4 Bg6 8. Bd2 Nbd7 9. Bc4 c6 10. Nd5 Qd8 11. Nxf6+ Nxf6 12. c3 e6 13. Ne5 Be4 14. f3 Bg6 15. h4 h5 16. g5 Nd5 17. Nxg6 fxg6 18. Qe2 Qe7 19. 0-0-0 Kd7 20. Bd3 Qf7 21. Qe4 Qf5 22. Rde1 Bd6 23. c4 Nf4 24. Bxf4 Bxf4+ 25. Kd1 Rae8 26. Qe2 Qf7 27. Qc2 Bg3 28. Ref1 Qf4 29. Bxg6 Qxd4+ 30. Qd2 Qxd2+ 31. Kxd2 Ref8 32. Rh3 1/2-1/2

[Event "SLO-ch blind int"]
[Site "Izola"]
[Date "1997.??.??"]
[Round "?"]
[White "Drasch, Robert"]
[Black "Zupancic, Mirko"]
[Result "0-1"]
[WhiteElo "2005"]
[BlackElo "1865"]
[PlyCount "106"]
[EventDate "1997.??.??"]
[EventType "swiss"]
[EventRounds "7"]
[EventCountry "SLO"]
[SourceTitle "EXT 2000"]
[Source "ChessBase"]
[SourceDate "1999.11.16"]
[SourceVersion "1"]
[SourceVersionDate "1999.11.16"]
[SourceQuality "1"]

1. e4 c5 2. f4 d6 3. Bc4 e6 4. Nc3 Nf6 5. Nf3 d5 6. Bb5+ Bd7 7. e5 Ng4 8. Be2 Nh6 9. d3 Nc6 10. 0-0 Be7 11. a3 a6 12. Qe1 b5 13. Nd1 b4 14. a4 a5 15. Ne3 Nd4 16. Nxd4 cxd4 17. Ng4 Nf5 18. Bd1 Rc8 19. Rf3 Bh4 20. Qe2 Be7 21. Rh3 Rc7 22. Bd2 Qc8 23. Be1 Ne3 24. Nxe3 dxe3 25. d4 Rc4 26. Qxe3 Rxd4 27. Bf2 Rc4 28. Qg3 0-0 29. c3 bxc3 30. bxc3 Bc5 31. Bc2 Bxf2+ 32. Kxf2 g6 33. Qh4 h5 34. Qg3 Kg7 35. Bb3 Rc7 36. Bd1 Rh8 37. Qg5 Qd8 38. Qxd8 Rxd8 39. Rg3 Kh6 40. Ra3 Rc4 41. Rf3 Bc6 42. Bb3 Rc5 43. Rd3 Bb7 44. Bd1 Ba6 45. Re3 d4 46. cxd4 Rxd4 47. Be2 Bxe2 48. Rxe2 Rxf4+ 49. Kg3 Rcc4 50. Rf2 Rxf2 51. Kxf2 Kg5 52. Rf3 Rf4 53. h4+ Kf5 0-1